Carte séquentielle des pays d’Amérique du Nord - Statistiques

Statistiques générales
  • Ce quiz a été pris 489 fois
  • Le résultat moyen est 16 sur 23
Réponses sur la Carte
Les réponses sont colorées sur une échelle allant du rouge au vert en fonction du pourcentage des utilisateurs qui les ont devinées à leur premier essai. Vous pouvez retrouver ces pourcentages ci-dessous.
 
Statistiques - réponses
Pays % Correct
Canada
79%
États-Unis
78%
Mexique
78%
Panama
77%
Cuba
75%
Bahamas
73%
Honduras
73%
Haïti
72%
Nicaragua
72%
Bélize
71%
Guatemala
70%
Salvador
70%
Costa Rica
69%
Jamaïque
69%
République Dominicaine
69%
Saint-Vincent-et-les- Grenadines
66%
Barbade
65%
Sainte-Lucie
65%
Trinité-et-Tobago
65%
Antigua-et-Barbuda
64%
Saint-Christophe-et-Niévès
63%
Grenade
62%
Dominique
60%
Aucun quiz correspondant
Distribution des résultats
% des personnes avec chaque résultat
Percentile par nombre de réponses
Votre historique - résultats
Vous n’avez pas pris ce quiz